Wszystkie miejscowości z gminą w województwie łódzkim A-J - Statystyki

Ogólne statystyki
  • Ten quiz został rozwiązany 16 razy
  • Średni wynik to 20 z 50
Statystyki odpowiedzi
Pierwsza Litera Miejscowość % Poprawnych
A Aleksandrów
77%
A Andrespol
77%
B Bełchatów
69%
B Bełchatów
69%
B Błaszki
69%
B Brzeziny
69%
B Brzeziny
69%
G Głowno
69%
G Głowno
69%
A Aleksandrów Łódzki
62%
B Brójce
62%
I Inowłódź
54%
J Jeżów
54%
B Biała
46%
B Bolimów
46%
B Będków
38%
B Bolesławiec
38%
B Buczek
38%
B Burzenin
38%
C Czarnożyły
38%
C Czastary
38%
D Dąbrowice
38%
D Domaniewice
38%
D Działoszyn
38%
G Gidle
38%
B Bielawy
31%
B Brzeźnio
31%
B Budziszewice
31%
C Chąśno
31%
C Cielądz
31%
C Czarnocin
31%
C Czerniewice
31%
D Dalików
31%
D Dobroń
31%
D Dobryszyce
31%
D Drużbice
31%
G Gomunice
31%
G Gorzkowice
31%
B Bedlno
23%
B Brąszewice
23%
D Daszyna
23%
D Dłutów
23%
D Dmosin
23%
D Drzewica
23%
G Galewice
23%
G Głuchów
23%
G Godzianów
23%
G Goszczanów
23%
G Grabica
23%
B Białaczów
15%
Nie znaleziono quizów pasujących do podanych kryteriów
Rozkład punktacji
Procent ludzi z każdym wynikiem
Percentyl według liczby udzielonych odpowiedzi
Twoja historia wyników
Nie rozwiązałeś tego quizu